Central Library OPAC University of Rajshahi

It began with a stone : (Record no. 223)

MARC details
000 -LEADER
fixed length control field 00891pam a2200301 a 4500
001 - CONTROL NUMBER
control field 223
003 - CONTROL NUMBER IDENTIFIER
rucl marc code BD-RjUL
005 - DATE AND TIME OF LATEST TRANSACTION
control field 20211208233131.0
008 - FIXED-LENGTH DATA ELEMENTS--GENERAL INFORMATION
fixed length control field 131113s1983 nyua b 001 0 eng
020 ## - INTERNATIONAL STANDARD BOOK NUMBER
International Standard Book Number 0471896055 (pbk.)
International Standard Book Number 0471897353 (hard)
035 ## - SYSTEM CONTROL NUMBER
System control number (BD-RjUL)237
040 ## - CATALOGING SOURCE
Original cataloging agency DLC
Transcribing agency DLC
Modifying agency DLC
-- BD-RjUL
Language of cataloging eng
041 ## - LANGUAGE CODE
Language code of text/sound track or separate title eng
082 00 - DEWEY DECIMAL CLASSIFICATION NUMBER
Classification number 550.9
Edition number 16
Author mark and year FAI 1983
100 1# - MAIN ENTRY--PERSONAL NAME
Personal name Faul, Henry.
9 (RLIN) 669
245 10 - TITLE STATEMENT
Title It began with a stone :
Remainder of title a history of geology from the Stone Age to the age of plate tectonis /
Statement of responsibility, etc. Henry Faul, Carol Faul.
260 ## - PUBLICATION, DISTRIBUTION, ETC. (IMPRINT)
Place of publication, distribution, etc. New York ;
-- Singapur:
Name of publisher, distributor, etc. J. Wiley,
Date of publication, distribution, etc. c1983.
300 ## - PHYSICAL DESCRIPTION
Pagination xvii, 270 p. :
Illustrations ill. ;
Size 26 cm.
504 ## - BIBLIOGRAPHY, ETC. NOTE
Bibliography, etc Bibliography: p. 231-254.
Bibliography, etc Includes index.
526 ## - STUDY PROGRAM INFORMATION NOTE
Requested Dept. Geology & Mining.
650 #0 - SUBJECT ADDED ENTRY--TOPICAL TERM
Topical term or geographic name as entry element Geology
General subdivision History.
9 (RLIN) 670
700 1# - ADDED ENTRY--PERSONAL NAME
Personal name Faul, Carol.
942 ## - ADDED ENTRY ELEMENTS (KOHA)
Source of classification or shelving scheme Dewey Decimal Classification
Koha item type Books
Holdings
Lost status Source of classification or shelving scheme Damaged status Not for loan Collection code Permanent Location Current Location Shelving location Date acquired Source of acquisition Cost, normal purchase price Total Checkouts Full call number Date last seen Copy number Koha item type
  Dewey Decimal Classification   Not For Loan Non-fiction Central Library, University of Rajshahi Central Library, University of Rajshahi     Not found 0.00   550.9 FAI 1983 13/11/2013 C-1 Books